000 00881cam a22002778a 4500
999 _c4180
_d4180
001 42581
003 GBCCL
005 20241126110513.0
008 940628s1994 miua b 001 0 eng
010 _a 94022545
020 _a0802837204
035 _a(OCoLC)30776170
040 _aDLC
_cDLC
_dWTS
_dLBB
049 _aLBBK
050 0 0 _aBS2330.2
_b.S76 1994
082 0 0 _a225.61
_220
_bSTO
092 0 _a225.61
_bS888, 1994
_220
100 1 _aStott, John R. W.
_9325
245 1 0 _aMen with a message :
_ban introduction to the New Testament and its writers /
_cby John Stott ; revised by Stephen Motyer.
260 _aGrand Rapids, Mich. :
_bEerdmans,
_cc1994.
300 _a158 p. :
_bill. ;
_c25 cm.
504 _aIncludes bibliographical references and index.
630 0 0 _aBible.
_pN.T.
_xIntroductions.
_921
700 1 0 _aMotyer, Stephen,
_d1950-
_97954
942 _2ddc
_cBK
_010